000 01912nam a22002897a 4500
999 _c21819
_d21819
003 AR-CdUCM
008 190425b ||||| |||| 00| 0 spa d
040 _aMUNICIPALIDAD PROVINCIAL DEL CUSCO
_cBIBLIOTECA MUNICIPAL DEL CUSCO
082 _aRev.Allp/N°22/1983
110 _aInstituto de Pastoral Andina
_912766
245 _aAllpanchis Phuturinqa :
_bRevista Anual /
260 _aCusco :
_bInstituto de Pastoral Andina,
_c1983.
300 _a176 páginas. :
_c20 cm.
440 _aRevista del Instituto de Pastoral Andina Cusco
_nAño XIII, 1983,N°22.Vol. XIX.
_946240
500 _aComunidades campesinas tierras y sociedad
505 _aContenido: La codeterminación de la organización Social Andina. Jürgen Golte. Marisol de la Cadena. -- La propiedad en las comunidades andinas. Juan M. Ossio. -- El control comunal del agua en la cuenca de rio cañete. Cesar Fonseca. -- Tierras comunales y revuelta social Perú Bolivia en el siglo XVIII. Scarlett O´phelan. -- Economía familiar y subordinación capitalista en tres comunidades campesinas de Junín. -- Rodrigo Sánchez Enríquez. -- La sierra central peruana 1821-1870 una economía regional andina. Manuel Burga. -- Para la historia de la evangelización en América los confesionarios. Martine Azoulai. -- Precios historia de los precios y deshonestidad intelectual. Ruggiero Romano. -- En torno a un relato andino el Ukumari. Maria Cipolletti. -- Aproximaciones a un balance sobre campesinado y descampesinización en el Perú. Roxana Barrantes Cáceres.
650 _aComunidades campesinas
_92214
650 _aEconomía campesina
_92215
650 _aTierras comunales
_946241
700 _aGolte Rhode, Jürgen
_946242
700 _aDe la Cadena, Marisol
_946243
700 _aOssio Acuña, Juan Martín
_946244
700 _aO'Phelan Godoy, Scarlett
_9621
700 _aBurga, Manuel
_92836
942 _2ddc
_cPP
945 _arac